000 00490nam a2200157Ia 4500
003 GCL
008 140319s9999 xx 000 0 ara d
040 _aGCL /
_cGCL
082 0 4 _aفيديو
_b135
245 1 0 _aالحياة فى المستنقع المارتينك لانكا بيرو
260 _a[S.N] :
_bلا يوجد
490 _aالبساط السحرى رحلة حول العالم
_v0
650 0 4 _aالرحلات
650 0 4 _aرحلات حول العالم
942 _2ddc
_cBK
999 _c33913
_d33913